Pokémon - Les attaques de Lougaroc Forme Crépusculaire - Statistiques

Statistiques générales
  • Ce quiz a été pris 14 fois
  • Le résultat moyen est 15 sur 23
Statistiques - réponses
Niveaux Types Noms des attaques % Correct
Niveau 36 Roche Éboulement
100%
Départ Normal Groz'Yeux
100%
Niveau 60 Roche Lame de Roc
100%
Niveau 42 Ténèbres Mâchouille
100%
Niveau 20 Ténèbres Morsure
100%
Départ Normal Charge
90%
Départ Sol Jet de Sable
90%
Niveau 12 Roche Jet-Pierres
90%
Départ Roche Vif Roc
90%
Niveau 54 Roche Piège de Roc
80%
Niveau 24 Roche Tomberoche
80%
Niveau 30 Normal Hurlement
70%
Niveau 16 Normal Grondement
60%
Départ Combat Riposte
60%
Départ Normal Vive-Attaque
60%
Départ Combat Prévention
50%
Départ Ténèbres Provoc
50%
Départ Ténèbres Coup Bas
40%
Départ Combat Contre
30%
Niveau 48 Normal Grimace
30%
Départ Évolution Normal Éclate Griffe
10%
Départ Normal Reflet
0%
Départ Normal Ténacité
0%
Aucun quiz correspondant
Distribution des résultats
% des personnes avec chaque résultat
Percentile par nombre de réponses
Votre historique - résultats
Vous n’avez pas pris ce quiz